Rectification (Record no. 69769)

MARC details
000 -LEADER
fixed length control field 01322cam a2200229 4500
001 - CONTROL NUMBER
control field WB3810-23
008 - FIXED-LENGTH DATA ELEMENTS--GENERAL INFORMATION
fixed length control field 020312n2002 000 0 eng u
035 ## - SYSTEM CONTROL NUMBER
System control number (Sirsi) u117114
245 ## - TITLE STATEMENT
Title Rectification
260 ## - PUBLICATION, DISTRIBUTION, ETC.
Date of publication, distribution, etc. 2002
490 ## - SERIES STATEMENT
Series statement Estates Gazette
Volume/sequential designation [2002] 10 EG 155(CS) (09/03/02)
520 ## - SUMMARY, ETC.
Summary, etc. "Malory Enterprises Ltd v Cheshire Homes (UK) Ltd and another" CA 22 February 2002. Respondent M Ltd sought rectification of the register under the Land Registration Act 1925 s82 after a company of the same name had obtained the land certificate by deception and had sold the land to appellant C. HC had granted full rectification to M with retrospective effect making C liable for trespass and confirming M as benefical owner. C appealed accepting rectification order but sought to avoid liability for trespass also claiming to be the beneficial owner. CA allowed appeal in part. CA upheld M's right of possession as beneficial owner but ruled that there was no jurisdiction to order retrospective rectification.
590 ## - LOCAL NOTE (RLIN)
Local note WB
650 ## - SUBJECT ADDED ENTRY--TOPICAL TERM
Topical term or geographic name entry element RECTIFICATION
650 ## - SUBJECT ADDED ENTRY--TOPICAL TERM
Topical term or geographic name entry element LAND REGISTRATION ACT 1925 S82
650 ## - SUBJECT ADDED ENTRY--TOPICAL TERM
Topical term or geographic name entry element DECEPTION
650 ## - SUBJECT ADDED ENTRY--TOPICAL TERM
Topical term or geographic name entry element BENEFICIAL OWNERSHIP
650 ## - SUBJECT ADDED ENTRY--TOPICAL TERM
Topical term or geographic name entry element TRESPASS
650 ## - SUBJECT ADDED ENTRY--TOPICAL TERM
Topical term or geographic name entry element MALORY ENTERPRISES LTD V CHESHIRE HOMES (UK) LTD
690 ## - LOCAL SUBJECT ADDED ENTRY--TOPICAL TERM (OCLC, RLIN)
Topical term or geographic name as entry element PROPERTY AND LAND LAW-CASE LAW
942 ## - ADDED ENTRY ELEMENTS (KOHA)
Suppress in OPAC 0
Holdings
Withdrawn status Lost status Source of classification or shelving scheme Damaged status Not for loan Home library Current library Shelving location Date acquired Total Checkouts Full call number Barcode Date last seen Copy number Price effective from Koha item type
    Dewey Decimal Classification     London London News article 12/03/2002   WB3810-23 117114-1001 06/08/2019 1 06/08/2019 Law report